Progressive filing
Contents: Indexing rules; filing procedures and materials; alphabetic correspondence filing; charge and transfre methods; selecting equipment and supplies; numeric correspondence filing; geographic correspondence filing; subject correspondence filing; card filing - vertical and visible; establishing...
Bewaard in:
| Hoofdauteur: | |
|---|---|
| Formaat: | Boek |
| Taal: | Undetermined |
| Gepubliceerd in: |
New York
Gregg Division
1969
|
| Onderwerpen: | |
| Tags: |
Voeg label toe
Geen labels, Wees de eerste die dit record labelt!
|
| Thư viện lưu trữ: | Trung tâm Học liệu Trường Đại học Cần Thơ |
|---|
| LEADER | 00882nam a2200193Ia 4500 | ||
|---|---|---|---|
| 001 | CTU_222048 | ||
| 008 | 210402s9999 xx 000 0 und d | ||
| 082 | |a 651.5 | ||
| 082 | |b K12 | ||
| 100 | |a Kahn, Gilbert | ||
| 245 | 0 | |a Progressive filing | |
| 245 | 0 | |c Gilbert Kahn, Theodore Yerian, Jeffrey R. Stewart, Jr | |
| 260 | |a New York | ||
| 260 | |b Gregg Division | ||
| 260 | |c 1969 | ||
| 520 | |a Contents: Indexing rules; filing procedures and materials; alphabetic correspondence filing; charge and transfre methods; selecting equipment and supplies; numeric correspondence filing; geographic correspondence filing; subject correspondence filing; card filing - vertical and visible; establishing and maintaining filing systems | ||
| 650 | |a Filing systems,Hệ thống hồ sơ | ||
| 904 | |i Tô Chánh Trung | ||
| 980 | |a Trung tâm Học liệu Trường Đại học Cần Thơ | ||